000 00465nam a2200169Ia 4500
001 23542
005 20260414150944.0
008 260414t2015||||xx |||||||||||||| ||spa||
041 _aESP
082 _a660.2842
_bG34E
100 _aGeankoplis, Christie John
_eAUT
245 0 _aProcesos de transporte y principios de procesos de separación :
_b(incluye operaciones unitarias)
260 _c2015
650 _aTCA
654 _aCII
942 _cLIB
_dJUS
_fJUS
_2ddc
_n
999 _c23542
_d23542